The Official Languages of the United Nations - Statistics

General Stats
  • This quiz has been taken 27 times
  • The average score is 6 of 6
Answer Stats
Answer % Correct
English
100%
Spanish
100%
French
95%
Russian
95%
Chinese
86%
Arabic
81%
No matching quizzes found
Score Distribution
Percent of People with Each Score
Percentile by Number Answered
Your Score History
You have not taken this quiz